000 00747nam a22001937a 4500
999 _c63304
_d63304
005 20240530110633.0
008 170918s2015 ua a g b 000 p ara d
017 _a2015/23511
_bمصر . دار الكتب المصرية
020 _a9789773686819
040 _aEG-CaGPL
082 0 4 _221
_a811.0099282\
_bر د
100 0 _aرافت محمد على الشرقاوى .
245 1 0 _aدراسة فنية تحليلية لشعر الاطفال العربى الحديث /
_cتاليف رافت محمد على الشرقاوى
250 _aط.1
260 _aالاسكندرية :
_bمؤسسة حورس الدولية ،
_c2015 .
300 _a322 ص ؛
_c24 سم .
650 0 7 _aشعر الاطفال
_xتاريخ و نقد
942 _2ddc
_cBK